=LDR 00000nam 2200000 4500 =001 INLIS000000000013171 =005 20170103141321.0 =006 =007 =008 Ind =035 ##$$0010-061300000013171 =041 ##$$a Ind =082 ##$$a 410 =090 ##$$a 410 Ped p =245 ##$$a Pedoman umum pembentukan istilah =260 ##$$a Jakarta $b Intan Pariwara $c 2000 =300 ##$$a 52 hlm, ilus, 21 cm =650 ##$$a Bahasa Indonesia - Peristirahatan =850 ##$$a NBPNMAT =990 ##$$a 0001/BPAP-NTB/2016 =990 ##$$a 0012/BPAP-NTB/2017